000 00248nam a2200109Ia 4500
008 230320s9999||||xx |||||||||||||| ||spa||
082 _a193/S314
100 _aSchleiermacher, Federico
245 0 _aMonólogos
260 _bAguilar
942 _80
_cLIB
999 _c26363
_d26363